000
00307nam a22001337a 4500
008
171023b xxu||||| |||| 00| 0 eng d
020
_a
9780965857604
041
_a
eng
080
_a
311
100
_a
55
101
_a
STA
245
_a
STATISTICS FOR BUSINESS AND ECONOMICS
_c
BECKER,W.E
942
_2
udc
_c
BK
999
_c
35589
_d
35589